[Event "Velden op"]
[Site "Velden"]
[Date "1996.??.??"]
[Round "7"]
[White "Kupreichik, Viktor D"]
[Black "Danner, Georg"]
[Result "1-0"]
[WhiteElo "2510"]
[BlackElo "2375"]
[PlyCount "77"]
[EventDate "1996.06.??"]
[EventType "swiss"]
[EventRounds "9"]
[EventCountry "AUT"]
[SourceTitle "EXT 1997"]
[Source "ChessBase"]
[SourceDate "1996.11.15"]
[SourceVersion "1"]
[SourceVersionDate "1996.11.15"]
[SourceQuality "1"]

1. e4 c5 2. Nc3 d6 3. Nf3 Nf6 4. d4 cxd4 5. Nxd4 a6 6. h3 e6 7. g4 Nc6 8. Bg2
Be7 9. Be3 Qc7 10. O-O O-O 11. g5 Nd7 12. f4 Nxd4 13. Bxd4 e5 14. Nd5 Qd8 15.
Bc3 exf4 16. h4 Ne5 17. Qd2 Be6 18. Ba5 {[#]} Qd7 19. Nb6 Qc6 20. Nxa8 Nc4 21.
Qf2 Rxa8 22. Bc3 Ne3 23. Rfe1 d5 24. Qxf4 Nxc2 25. exd5 Bc5+ 26. Kh2 Bxd5 27.
Bxd5 Qxd5 28. Rad1 Qxa2 29. Re2 Ne3 30. Rxe3 Bxe3 31. Qxe3 Qc4 32. Kg3 Qc7+ 33.
Qe5 Qxe5+ 34. Bxe5 h6 35. gxh6 gxh6 36. Kf4 Kh7 37. Rd7 Kg6 38. Rd6+ Kh5 39.
Bg7 1-0

[Event "Velden op"]
[Site "Velden"]
[Date "1996.??.??"]
[Round "8"]
[White "Murey, Jacob"]
[Black "Kupreichik, Viktor D"]
[Result "0-1"]
[WhiteElo "2460"]
[BlackElo "2510"]
[PlyCount "66"]
[EventDate "1996.06.??"]
[EventType "swiss"]
[EventRounds "9"]
[EventCountry "AUT"]
[SourceTitle "EXT 1997"]
[Source "ChessBase"]
[SourceDate "1996.11.15"]
[SourceVersion "1"]
[SourceVersionDate "1996.11.15"]
[SourceQuality "1"]

1. e4 c5 2. Nc3 Nc6 3. g3 g6 4. Bg2 Bg7 5. Nge2 Rb8 6. O-O b5 7. a3 e6 8. d3
Nge7 9. Be3 Nd4 10. b4 d6 11. Rb1 O-O 12. Na2 a5 13. bxc5 dxc5 14. c3 Nxe2+ 15.
Qxe2 Qd6 16. f4 Ba6 17. Rfd1 Rfc8 18. Qf2 c4 19. dxc4 Qxa3 20. Ba7 Ra8 21. e5
b4 22. Bxa8 Rxa8 23. Bc5 Bf8 24. Ra1 Bxc4 25. Nxb4 Qxc3 26. Rac1 Qb3 27. Nc2
Bd5 28. Ne3 Be4 29. Rd4 Nf5 30. Nxf5 exf5 31. Bxf8 Kxf8 32. Rdc4 Rd8 33. h3 {
[#]} Qxc4 0-1

[Event "Olympiad-32"]
[Site "Yerevan"]
[Date "1996.09.16"]
[Round "1.3"]
[White "Kupreichik, Viktor D"]
[Black "Teo, Kok Siong"]
[Result "1-0"]
[WhiteElo "2510"]
[BlackElo "2310"]
[PlyCount "43"]
[EventDate "1996.09.15"]
[EventType "team-swiss"]
[EventRounds "14"]
[EventCountry "ARM"]
[SourceTitle "CBM 055"]
[Source "ChessBase"]
[SourceDate "1996.12.01"]
[SourceVersion "1"]
[SourceVersionDate "1996.12.01"]
[SourceQuality "1"]
[WhiteTeam "Belarus"]
[BlackTeam "Singapore"]
[WhiteTeamCountry "BLR"]
[BlackTeamCountry "SIN"]

1. e4 c5 2. Nc3 e6 3. g3 Nc6 4. Bg2 Nf6 5. Nge2 a6 6. O-O Be7 7. d4 cxd4 8.
Nxd4 Qc7 9. Nb3 O-O 10. f4 d6 11. a4 Bd7 12. a5 Rac8 13. Be3 Nb4 14. g4 d5 15.
Bb6 Qc4 16. g5 Ne8 17. exd5 e5 18. Kh1 Rb8 19. fxe5 Bg4 20. Qd2 Qc8 21. d6 Bd8
22. Bxd8 1-0

[Event "Olympiad-32"]
[Site "Yerevan"]
[Date "1996.09.26"]
[Round "10.3"]
[White "Kaabi, Mejdi"]
[Black "Kupreichik, Viktor D"]
[Result "0-1"]
[WhiteElo "2395"]
[BlackElo "2510"]
[PlyCount "68"]
[EventDate "1996.09.15"]
[EventType "team-swiss"]
[EventRounds "14"]
[EventCountry "ARM"]
[SourceTitle "CBM 055"]
[Source "ChessBase"]
[SourceDate "1996.12.01"]
[SourceVersion "1"]
[SourceVersionDate "1996.12.01"]
[SourceQuality "1"]
[WhiteTeam "Tunisia"]
[BlackTeam "Belarus"]
[WhiteTeamCountry "TUN"]
[BlackTeamCountry "BLR"]

1. d4 e6 2. c4 d5 3. Nf3 Nf6 4. Nc3 dxc4 5. Qa4+ Nbd7 6. Qxc4 a6 7. g3 b5 8.
Qd3 Bb7 9. Bg2 c5 10. dxc5 Bxc5 11. O-O O-O 12. a3 Rc8 13. b4 Be7 14. Be3 Ng4
15. Rfd1 Bxf3 16. exf3 Nge5 17. Qd2 Rc7 18. Bd4 Nc6 19. Be3 Nce5 20. Ne4 Nc4
21. Qe2 Qc8 22. f4 h6 23. Bd4 Re8 24. Bh3 f5 25. Qh5 Nf8 26. Nc5 Rd8 27. Ra2
Rc6 28. Re2 Rxc5 29. bxc5 Bxc5 30. Rde1 Bxd4 31. Rxe6 Nxe6 32. Bxf5 Bxf2+ 33.
Kxf2 Qc5+ 34. Kf1 Ne3+ 0-1

[Event "BL2-West 9697"]
[Site "Germany"]
[Date "1997.??.??"]
[Round "?.2"]
[White "Kupreichik, Viktor D"]
[Black "Jackelen, Thomas"]
[Result "1-0"]
[WhiteElo "2500"]
[BlackElo "2390"]
[PlyCount "109"]
[EventDate "1996.10.??"]
[EventType "team-tourn"]
[EventRounds "9"]
[EventCountry "GER"]
[SourceTitle "GER-chT2"]
[Source "ChessBase"]
[SourceDate "1999.07.01"]
[SourceVersion "1"]
[SourceVersionDate "1999.07.01"]
[SourceQuality "1"]
[WhiteTeam "Plettenberg"]
[BlackTeam "Godesberg"]
[WhiteTeamCountry "GER"]
[BlackTeamCountry "GER"]

1. e4 e6 2. d4 d5 3. Nc3 Nf6 4. Bg5 dxe4 5. Nxe4 Be7 6. Bxf6 Bxf6 7. Nf3 O-O 8.
Qd2 b6 9. O-O-O Bb7 10. Qf4 Nd7 11. h4 c5 12. Bb5 cxd4 13. Bxd7 Bxe4 14. Qxe4
Qxd7 15. g4 Rfd8 16. g5 Be7 17. Rxd4 Qc7 18. Rhd1 Rxd4 19. Rxd4 Rf8 20. Rc4 Qd6
21. Qb7 e5 22. Rc3 h6 23. a3 hxg5 24. hxg5 g6 25. Kb1 Kg7 26. Re3 Rh8 27. Rxe5
Rh1+ 28. Ka2 Bd8 29. Qe4 Bc7 30. Re8 Rd1 31. c4 a5 32. Qe5+ Qxe5 33. Nxe5 Bxe5
34. Rxe5 Rd2 35. Rb5 Rxf2 36. Rxb6 Rf4 37. Kb3 a4+ 38. Kc3 Rf3+ 39. Kd4 Rf4+
40. Kd3 Rf3+ 41. Ke4 Rg3 42. Kf4 Rg2 43. c5 Kf8 44. Ke5 Rxg5+ 45. Kd6 Rg2 46.
c6 Rd2+ 47. Kc7 Ke7 48. Kb8 Rc2 49. c7 Kd7 50. Rb7 Ke6 51. c8=Q+ Rxc8+ 52. Kxc8
g5 53. b3 axb3 54. Rxb3 f5 55. a4 1-0

[Event "BL2-West 9697"]
[Site "Germany"]
[Date "1997.??.??"]
[Round "?.2"]
[White "Kupreichik, Viktor D"]
[Black "Nothnagel, Holger"]
[Result "1-0"]
[WhiteElo "2500"]
[BlackElo "2315"]
[PlyCount "73"]
[EventDate "1996.10.??"]
[EventType "team-tourn"]
[EventRounds "9"]
[EventCountry "GER"]
[SourceTitle "GER-chT2"]
[Source "ChessBase"]
[SourceDate "1999.07.01"]
[SourceVersion "1"]
[SourceVersionDate "1999.07.01"]
[SourceQuality "1"]
[WhiteTeam "Plettenberg"]
[BlackTeam "Griesheim"]
[WhiteTeamCountry "GER"]
[BlackTeamCountry "GER"]

1. Nf3 Nf6 2. c4 c5 3. Nc3 Nc6 4. d4 cxd4 5. Nxd4 g6 6. e4 d6 7. Nc2 Bg7 8. Be2
O-O 9. O-O Be6 10. Bg5 Rc8 11. Rb1 a6 12. Kh1 Na5 13. b3 b5 14. Nd4 Bd7 15. Nd5
Nxd5 16. cxd5 h6 17. Be3 Kh7 18. Qd2 Nb7 19. Rbc1 Nc5 20. f3 Rc7 21. Qa5 Rc8
22. Qd2 Rc7 23. Bd1 b4 24. Bc2 Qb8 25. f4 Bxd4 26. Bxd4 f5 27. e5 Rfc8 28. Bb2
Ne4 29. Bxe4 Rxc1 30. Bxc1 fxe4 31. e6 Bb5 32. f5 g5 33. Re1 Bd3 34. h4 Kg7 35.
Qf2 Qb7 36. hxg5 hxg5 37. Qd4+ 1-0

[Event "BL2-West 9697"]
[Site "Germany"]
[Date "1996.??.??"]
[Round "?.2"]
[White "Kupreichik, Viktor D"]
[Black "Sygulski, Artur"]
[Result "1-0"]
[WhiteElo "2510"]
[BlackElo "2375"]
[PlyCount "80"]
[EventDate "1996.10.??"]
[EventType "team-tourn"]
[EventRounds "9"]
[EventCountry "GER"]
[SourceTitle "GER-chT2"]
[Source "ChessBase"]
[SourceDate "1999.07.01"]
[SourceVersion "1"]
[SourceVersionDate "1999.07.01"]
[SourceQuality "1"]
[WhiteTeam "Plettenberg"]
[BlackTeam "Herne Sodingen"]
[WhiteTeamCountry "GER"]
[BlackTeamCountry "GER"]

1. e4 e5 2. Nf3 Nc6 3. Bb5 a6 4. Ba4 Nf6 5. O-O b5 6. Bb3 Be7 7. a4 Bb7 8. d3
O-O 9. Re1 d6 10. c3 Na5 11. Ba2 c5 12. Na3 c4 13. Bg5 cxd3 14. Bxf6 Bxf6 15.
axb5 axb5 16. Qxd3 b4 17. cxb4 Nc6 18. Nc2 Qb6 19. Qxd6 Be7 20. Qd3 Nxb4 21.
Qb3 Bc5 22. Nxb4 Bxf2+ 23. Kf1 Bxe1 24. Rxe1 Rxa2 25. Qxa2 Qxb4 26. Qa3 Qb6 27.
Re3 Ra8 28. Rb3 Ba6+ 29. Ke1 Qc6 30. Qb4 Qc1+ 31. Kf2 h6 32. Rc3 Qf1+ 33. Kg3
Be2 34. Nxe5 Qe1+ 35. Kh3 Qf2 36. Qc5 Qf4 37. Qe3 Qxe5 38. Qxe2 Ra4 39. Rc8+
Kh7 40. Qf3 Qxe4 1-0

[Event "BL2-West 9697"]
[Site "Germany"]
[Date "1997.??.??"]
[Round "?.2"]
[White "Morawietz, Dieter"]
[Black "Kupreichik, Viktor D"]
[Result "0-1"]
[WhiteElo "2430"]
[BlackElo "2500"]
[PlyCount "50"]
[EventDate "1996.10.??"]
[EventType "team-tourn"]
[EventRounds "9"]
[EventCountry "GER"]
[SourceTitle "GER-chT2"]
[Source "ChessBase"]
[SourceDate "1999.07.01"]
[SourceVersion "1"]
[SourceVersionDate "1999.07.01"]
[SourceQuality "1"]
[WhiteTeam "Koeln KKS"]
[BlackTeam "Plettenberg"]
[WhiteTeamCountry "GER"]
[BlackTeamCountry "GER"]

1. e4 c5 2. Nf3 d6 3. d4 cxd4 4. Nxd4 Nf6 5. Nc3 Bd7 6. f4 Nc6 7. Nf3 e6 8. a3
Be7 9. Bd3 Qb6 10. Qe2 e5 11. f5 Nd4 12. Nxd4 exd4 13. Nd5 Nxd5 14. exd5 O-O
15. O-O Bf6 16. Qh5 Rac8 17. Bf4 Rc7 18. b4 g6 19. Qg4 Bxf5 20. Bxf5 d3+ 21.
Kh1 Bxa1 22. Rxa1 Re8 23. h4 Qd4 24. Rf1 d2 25. Bg3 Re1 0-1

[Event "BL2-West 9697"]
[Site "Germany"]
[Date "1997.??.??"]
[Round "?.2"]
[White "Kupreichik, Viktor D"]
[Black "Vogler, Tilmann"]
[Result "1-0"]
[WhiteElo "2500"]
[BlackElo "2340"]
[PlyCount "60"]
[EventDate "1996.10.??"]
[EventType "team-tourn"]
[EventRounds "9"]
[EventCountry "GER"]
[SourceTitle "GER-chT2"]
[Source "ChessBase"]
[SourceDate "1999.07.01"]
[SourceVersion "1"]
[SourceVersionDate "1999.07.01"]
[SourceQuality "1"]
[WhiteTeam "Plettenberg"]
[BlackTeam "Schott Mainz"]
[WhiteTeamCountry "GER"]
[BlackTeamCountry "GER"]

1. e4 e6 2. d4 d5 3. e5 c5 4. c3 Bd7 5. Nf3 h5 6. Be3 Qb6 7. Qd2 Nh6 8. dxc5
Bxc5 9. Bxc5 Qxc5 10. Na3 Nc6 11. Bd3 Ng4 12. Qe2 d4 13. Nc4 dxc3 14. bxc3 Ke7
15. a4 Na5 16. Ncd2 Qxc3 17. O-O Rac8 18. Ne4 Qc7 19. Qb2 Kf8 20. h3 Nh6 21.
Nd6 Qc3 22. Qe2 Rc7 23. Qe3 Nb3 24. Rab1 b6 25. Ne4 Qb4 26. Bb5 Bxb5 27. axb5
Qxb5 28. Rxb3 Qa4 29. Rc3 Rxc3 30. Qxc3 Kg8 1-0

[Event "Muenster Masters op"]
[Site "Muenster"]
[Date "1996.??.??"]
[Round "5"]
[White "Kupreichik, Viktor D"]
[Black "Sax, Gyula"]
[Result "1-0"]
[WhiteElo "2510"]
[BlackElo "2525"]
[PlyCount "85"]
[EventDate "1996.10.14"]
[EventType "swiss"]
[EventRounds "9"]
[EventCountry "GER"]
[SourceTitle "CBM 055 Extra"]
[Source "ChessBase"]
[SourceDate "1997.01.01"]
[SourceVersion "1"]
[SourceVersionDate "1997.01.01"]
[SourceQuality "1"]

1. e4 c5 2. Nc3 e6 3. Nf3 a6 4. g3 b5 5. d4 cxd4 6. Nxd4 Bb7 7. Bg2 Nf6 8. Qe2
b4 9. Na4 d5 10. Bg5 Be7 11. exd5 Bxd5 12. O-O-O Qa5 13. f4 Nbd7 14. b3 Bxg2
15. Qxg2 Qd5 16. Qxd5 Nxd5 17. Bxe7 Nxe7 18. Rhe1 Ra7 19. Kb2 O-O 20. a3 bxa3+
21. Kxa3 Rc8 22. c4 Rb7 23. Rd3 Kf8 24. Red1 Ke8 25. Nf3 Rcb8 26. Ng5 h6 27.
Ne4 Nc8 28. Nec5 Nxc5 29. Nxc5 Ra7 30. Rd8+ Ke7 31. b4 Rba8 32. Kb3 a5 33. b5
a4+ 34. Kb4 Nb6 35. Rxa8 Rxa8 36. Na6 Rc8 37. c5 Nd5+ 38. Ka5 Kd7 39. Kxa4 Ra8
40. Ka5 Ke8 41. c6 Ne7 42. Rd7 Rxa6+ 43. Kxa6 1-0

[Event "RUS-Cup01 Chigorin Memorial"]
[Site "St Petersburg"]
[Date "1996.??.??"]
[Round "3"]
[White "Kupreichik, Viktor D"]
[Black "Kruppa, Yuri"]
[Result "1-0"]
[WhiteElo "2510"]
[BlackElo "2560"]
[PlyCount "85"]
[EventDate "1996.11.??"]
[EventType "swiss"]
[EventRounds "9"]
[EventCountry "RUS"]
[SourceTitle "CBM 056 Extra"]
[Source "ChessBase"]
[SourceDate "1997.03.01"]
[SourceVersion "1"]
[SourceVersionDate "1997.03.01"]
[SourceQuality "1"]

1. e4 e6 2. d4 d5 3. e5 c5 4. c3 Nc6 5. Be3 Bd7 6. Nf3 Qb6 7. Qd2 Nh6 8. dxc5
Bxc5 9. Bxh6 gxh6 10. Bd3 Qc7 11. Qe2 f6 12. exf6 Qf4 13. Nbd2 O-O 14. O-O-O a6
15. Kb1 Qxf6 16. Bc2 Rae8 17. Nc4 Qg7 18. Ne3 b5 19. h4 Re7 20. Rh3 Bd6 21. h5
Kh8 22. Rh4 Ref7 23. a4 Ne5 24. Nxe5 Rxf2 25. Qd3 Bxe5 26. Ng4 R2f7 27. Nxe5
Qxe5 28. Rhh1 Qg7 29. a5 Bc6 30. Qe3 e5 31. Bb3 d4 32. cxd4 exd4 33. Qxd4 Rf2
34. Rhe1 R8f4 35. Qxg7+ Kxg7 36. Re7+ Kf8 37. Rc7 Be8 38. Rxh7 Re2 39. Rd8 Rff2
40. Rh8+ Kg7 41. Rg8+ Kh7 42. Rgxe8 Rxb2+ 43. Kc1 1-0

[Event "RUS-Cup01 Chigorin Memorial"]
[Site "St Petersburg"]
[Date "1996.??.??"]
[Round "7"]
[White "Solozhenkin, Evgeniy"]
[Black "Kupreichik, Viktor D"]
[Result "0-1"]
[WhiteElo "2565"]
[BlackElo "2510"]
[PlyCount "79"]
[EventDate "1996.11.??"]
[EventType "swiss"]
[EventRounds "9"]
[EventCountry "RUS"]
[SourceTitle "CBM 056 Extra"]
[Source "ChessBase"]
[SourceDate "1997.03.01"]
[SourceVersion "1"]
[SourceVersionDate "1997.03.01"]
[SourceQuality "1"]

1. e4 c5 2. Nf3 d6 3. d4 cxd4 4. Nxd4 Nf6 5. Nc3 Bd7 6. Be2 e5 7. Ndb5 Bc6 8.
Bg5 a6 9. Na3 b5 10. Bxf6 Qxf6 11. Nd5 Qd8 12. O-O Be7 13. c4 b4 14. Nxb4 Bxe4
15. Bf3 Bxf3 16. Qxf3 Ra7 17. Rad1 O-O 18. Nac2 Qc8 19. Ne3 f5 20. b3 e4 21.
Qh3 Bg5 22. Rd5 g6 23. Qg3 Be7 24. f4 exf3 25. Rxf3 Kh8 26. Qf4 Rb7 27. Qd4+
Bf6 28. Qd2 Be5 29. c5 dxc5 30. Rxe5 cxb4 31. Nc4 Nd7 32. Rd5 Nf6 33. Nd6 Qc6
34. Rd4 Rd7 35. Rfd3 a5 36. Nxf5 Rxd4 37. Nxd4 Qc5 38. h3 Kg8 39. Kh1 Ne4 40.
Ne6 0-1

[Event "Koop Tjuchem op"]
[Site "Groningen"]
[Date "1996.??.??"]
[Round "2"]
[White "Kupreichik, Viktor D"]
[Black "Friedman, Aviv"]
[Result "1-0"]
[WhiteElo "2510"]
[BlackElo "2325"]
[PlyCount "63"]
[EventDate "1996.12.20"]
[EventType "swiss"]
[EventRounds "11"]
[EventCountry "NED"]
[SourceTitle "EXT 1998"]
[Source "ChessBase"]
[SourceDate "1997.11.17"]
[SourceVersion "1"]
[SourceVersionDate "1997.11.17"]
[SourceQuality "1"]

1. e4 e6 2. d4 d5 3. e5 c5 4. c3 Nc6 5. Be3 Qb6 6. Qd2 Nh6 7. Nf3 Nf5 8. dxc5
Bxc5 9. Bxc5 Qxc5 10. Bd3 Nfe7 11. O-O Ng6 12. Re1 O-O 13. Na3 f6 14. Bxg6 hxg6
15. Nc2 Qe7 16. Rad1 Rf7 17. Ncd4 Nxd4 18. Qxd4 g5 19. h4 gxh4 20. Qxh4 Bd7 21.
exf6 Qxf6 22. Ng5 g6 23. Rd3 Re7 24. Rf3 Qg7 25. Qb4 b6 26. Qd6 Rae8 27. Rg3
Bc8 28. Nf3 Rd7 29. Qc6 Bb7 30. Qa4 e5 31. Rxe5 Rxe5 32. Nxe5 1-0

[Event "Regensburg op"]
[Site "Regensburg"]
[Date "1997.??.??"]
[Round "4"]
[White "Bromberger, Stefan"]
[Black "Kupreichik, Viktor D"]
[Result "0-1"]
[WhiteElo "2310"]
[BlackElo "2500"]
[PlyCount "52"]
[EventDate "1997.??.??"]
[EventType "swiss"]
[EventRounds "9"]
[EventCountry "GER"]
[SourceTitle "EXT 2001"]
[Source "ChessBase"]
[SourceDate "2000.11.22"]
[SourceVersion "1"]
[SourceVersionDate "2000.11.22"]
[SourceQuality "1"]

1. d4 Nf6 2. c4 e6 3. Nc3 Bb4 4. e3 O-O 5. Bd3 c5 6. Nge2 d5 7. cxd5 cxd4 8.
exd4 Nxd5 9. O-O Nc6 10. Re1 Nce7 11. a3 Ba5 12. Bg5 h6 13. Bh4 g5 14. Bg3 Nf5
15. Qc2 Nxg3 16. Nxg3 Bd7 17. Nge4 Rc8 18. Nc5 Bc6 19. Bc4 Nf4 20. Rxe6 Kg7 21.
Ree1 Bxg2 22. Rad1 Bf3 23. b4 Bc7 24. Rd3 Nxd3 25. Qxd3 g4 26. d5 Qd6 0-1

[Event "Skolernes Skakklub op"]
[Site "Aarhus"]
[Date "1997.??.??"]
[Round "9"]
[White "Kupreichik, Viktor D"]
[Black "Lukin, Andrei M"]
[Result "1-0"]
[WhiteElo "2500"]
[BlackElo "2480"]
[PlyCount "65"]
[EventDate "1997.??.??"]
[EventType "swiss"]
[EventRounds "9"]
[EventCountry "DEN"]
[SourceTitle "EXT 1999"]
[Source "ChessBase"]
[SourceDate "1998.11.16"]
[SourceVersion "1"]
[SourceVersionDate "1998.11.16"]
[SourceQuality "1"]

1. e4 c5 2. Nf3 d6 3. Nc3 Nc6 4. d4 cxd4 5. Nxd4 Nf6 6. f4 e6 7. Be3 Be7 8. Qf3
O-O 9. O-O-O Qc7 10. g4 Nxd4 11. Bxd4 e5 12. fxe5 dxe5 13. Qg3 Nxg4 14. Nd5 Qd6
15. Bc3 Qh6+ 16. Bd2 Qh4 17. Nxe7+ Qxe7 18. Rg1 g6 19. Be2 Nf6 20. Bg5 Qe6 21.
Qh4 Nd7 22. Bh6 Re8 23. Rgf1 a6 24. b3 b5 25. Rd3 Qe7 26. Bg5 f6 27. Be3 Bb7
28. Bg4 Nf8 29. Rc3 Bxe4 30. Rxf6 Rad8 31. Bc5 Qb7 32. Bb6 Qd5 33. Qh6 1-0

[Event "Bad Woerishofen op 13th"]
[Site "Bad Woerishofen"]
[Date "1997.??.??"]
[Round "4"]
[White "Kupreichik, Viktor D"]
[Black "Kohlweyer, Bernd"]
[Result "1-0"]
[WhiteElo "2500"]
[BlackElo "2420"]
[PlyCount "75"]
[EventDate "1997.03.07"]
[EventType "swiss"]
[EventRounds "9"]
[EventCountry "GER"]
[SourceTitle "EXT 2000"]
[Source "ChessBase"]
[SourceDate "1999.11.16"]
[SourceVersion "1"]
[SourceVersionDate "1999.11.16"]
[SourceQuality "1"]

1. e4 c5 2. Nc3 e6 3. Nf3 a6 4. g3 Nc6 5. Bg2 Nf6 6. O-O Qc7 7. d4 cxd4 8. Nxd4
Bc5 9. Nb3 Ba7 10. Qe2 d6 11. Be3 b5 12. a4 Bxe3 13. Qxe3 b4 14. e5 dxe5 15.
Nb5 axb5 16. axb5 Rxa1 17. Bxc6+ Bd7 18. Rxa1 O-O 19. Ra7 Qd6 20. Bxd7 Qd1+ 21.
Kg2 Qd5+ 22. Qf3 e4 23. Qe3 Nxd7 24. Qd4 Nf6 25. Qxd5 Nxd5 26. c4 bxc3 27. bxc3
Nxc3 28. b6 Nb5 29. Ra5 Nd6 30. Nc5 g6 31. b7 f5 32. Ra7 Nxb7 33. Rxb7 Re8 34.
h4 h6 35. g4 g5 36. h5 fxg4 37. Nxe4 Rf8 38. Re7 1-0

[Event "Bad Woerishofen op 13th"]
[Site "Bad Woerishofen"]
[Date "1997.??.??"]
[Round "8"]
[White "Kupreichik, Viktor D"]
[Black "Keitlinghaus, Ludger"]
[Result "1-0"]
[WhiteElo "2500"]
[BlackElo "2515"]
[PlyCount "103"]
[EventDate "1997.03.07"]
[EventType "swiss"]
[EventRounds "9"]
[EventCountry "GER"]
[SourceTitle "EXT 2000"]
[Source "ChessBase"]
[SourceDate "1999.11.16"]
[SourceVersion "1"]
[SourceVersionDate "1999.11.16"]
[SourceQuality "1"]

1. e4 e6 2. d4 d5 3. e5 c5 4. c3 Qb6 5. Nf3 Nc6 6. Be2 cxd4 7. cxd4 Nh6 8. b3
Nf5 9. Bb2 Bb4+ 10. Kf1 Qd8 11. Na3 f6 12. Nc2 fxe5 13. Nxb4 Nxb4 14. Nxe5 O-O
15. Qd2 Nc6 16. Ng4 Qh4 17. Kg1 Bd7 18. g3 Qh3 19. Ne3 Be8 20. Re1 Bg6 21. Bg4
Qh6 22. Kg2 Qg5 23. f3 h5 24. h4 Qf6 25. Bxf5 Bxf5 26. Rhf1 Rac8 27. Rf2 a5 28.
Ba3 Rf7 29. Bc5 Bg6 30. Kh2 e5 31. Nxd5 Qf5 32. Ne3 Qd3 33. d5 Nd4 34. Bxd4
exd4 35. Nc4 Rxf3 36. d6 Qxd2 37. Rxd2 b5 38. d7 Rd8 39. Ne5 Re3 40. Rxe3 dxe3
41. Re2 Bf5 42. Rxe3 b4 43. Nc6 Rxd7 44. Ne7+ Kf7 45. Nxf5 Rd2+ 46. Kh3 Rxa2
47. Nd4 Ra3 48. Re5 g6 49. Rb5 Kf6 50. Kg2 Kf7 51. Kf3 Kf6 52. Kf4 1-0

[Event "Eupen CERA op"]
[Site "Eupen"]
[Date "1997.??.??"]
[Round "6"]
[White "Hubert, Ralf"]
[Black "Kupreichik, Viktor D"]
[Result "0-1"]
[WhiteElo "2355"]
[BlackElo "2500"]
[PlyCount "64"]
[EventDate "1997.03.22"]
[EventType "swiss"]
[EventRounds "7"]
[EventCountry "BEL"]
[SourceTitle "EXT 2004"]
[Source "ChessBase"]
[SourceDate "2003.11.25"]
[SourceVersion "1"]
[SourceVersionDate "2003.11.25"]
[SourceQuality "1"]

1. d4 Nf6 2. c4 g6 3. Nc3 Bg7 4. e4 O-O 5. Nf3 d6 6. Be2 e5 7. O-O Nc6 8. d5
Ne7 9. Bg5 Nh5 10. Ne1 Nf4 11. Nd3 f5 12. exf5 Nxe2+ 13. Qxe2 gxf5 14. f4 e4
15. Ne1 Qe8 16. Nb5 Qd7 17. Rd1 Ng6 18. Qh5 Bxb2 19. Nc2 a6 20. Nbd4 Qa4 21.
Bh6 Rf7 22. Qg5 Bd7 23. g4 Kh8 24. gxf5 Bxf5 25. Kh1 e3 26. Nxe3 Be4+ 27. Nf3
Rxf4 28. Qg2 Be5 29. Bxf4 Nxf4 30. Qf2 Rf8 31. Qh4 Qxa2 32. Rde1 Nd3 0-1

[Event "Cologne KS op"]
[Site "Cologne"]
[Date "1997.04.05"]
[Round "8"]
[White "Hogenacker, Jacques"]
[Black "Kupreichik, Viktor D"]
[Result "0-1"]
[WhiteElo "2320"]
[BlackElo "2500"]
[PlyCount "56"]
[EventDate "1997.03.29"]
[EventType "swiss"]
[EventRounds "9"]
[EventCountry "GER"]
[SourceTitle "EXT 2006"]
[Source "ChessBase"]
[SourceDate "2005.11.24"]
[SourceVersion "1"]
[SourceVersionDate "2005.11.24"]
[SourceQuality "1"]

1. e4 c5 2. Nf3 Nc6 3. d4 cxd4 4. Nxd4 g6 5. Nc3 Bg7 6. Be3 Nf6 7. Bc4 Qa5 8.
O-O O-O 9. Bb3 d6 10. h3 Bd7 11. f4 Rac8 12. Qf3 a6 13. Rad1 b5 14. Kh1 Qc7 15.
Nd5 Nxd5 16. exd5 Nxd4 17. Bxd4 a5 18. Bxg7 Kxg7 19. a3 a4 20. Ba2 Qxc2 21. Rf2
Qf5 22. Re2 Rfe8 23. Rde1 Qf6 24. Qe3 e5 25. Qa7 exf4 26. Qxd7 Rxe2 27. Rxe2
Rc1+ 28. Kh2 Qd4 0-1

[Event "Karsten Kold op"]
[Site "Gistrup"]
[Date "1997.??.??"]
[Round "1"]
[White "Kupreichik, Viktor D"]
[Black "Salmensuu, Olli"]
[Result "1-0"]
[WhiteElo "2500"]
[BlackElo "2380"]
[PlyCount "119"]
[EventDate "1997.07.??"]
[EventType "swiss"]
[EventRounds "10"]
[EventCountry "DEN"]
[SourceTitle "EXT 1998"]
[Source "ChessBase"]
[SourceDate "1997.11.17"]
[SourceVersion "1"]
[SourceVersionDate "1997.11.17"]
[SourceQuality "1"]

1. e4 e6 2. d4 d5 3. e5 c5 4. c3 Nc6 5. Be3 Qb6 6. Qd2 Bd7 7. Nf3 f6 8. Bd3
fxe5 9. dxe5 Nh6 10. O-O Nf7 11. Bf4 Be7 12. Re1 O-O-O 13. Na3 g5 14. Nxg5 Nxg5
15. Bxg5 Bxg5 16. Qxg5 c4 17. Bf1 Qxb2 18. Qc1 Qxc1 19. Raxc1 Rdf8 20. g3 Rf3
21. Bg2 Rd3 22. f4 h5 23. Red1 Rxd1+ 24. Rxd1 Ne7 25. Kf2 Kc7 26. Rb1 Nf5 27.
Bh3 Ne7 28. Nc2 Rh6 29. Nd4 a6 30. Ke3 b5 31. Rf1 Kb6 32. f5 exf5 33. Bxf5 Bxf5
34. Nxf5 Re6 35. Kf4 Nc6 36. Re1 b4 37. cxb4 Nxb4 38. Nd4 Nd3+ 39. Kf5 Nxe1 40.
Nxe6 c3 41. Nd4 c2 42. Nb3 Nd3 43. e6 Kc7 44. Kf6 d4 45. e7 Kd7 46. Nc1 Nxc1
47. Kf7 Nd3 48. e8=Q+ Kc7 49. Qe7+ Kb6 50. Qd6+ Kb5 51. Qb8+ Kc6 52. Qc8+ Kd5
53. Qxc2 Ne5+ 54. Kf6 Ng4+ 55. Kg5 Ne5 56. Kf5 Nc4 57. Qe4+ Kc5 58. Qe7+ Kb5
59. Qe6 Kc5 60. Ke4 1-0

[Event "Karsten Kold op"]
[Site "Gistrup"]
[Date "1997.??.??"]
[Round "7"]
[White "Sher, Miron Naumovich"]
[Black "Kupreichik, Viktor D"]
[Result "0-1"]
[WhiteElo "2425"]
[BlackElo "2500"]
[PlyCount "88"]
[EventDate "1997.07.??"]
[EventType "swiss"]
[EventRounds "10"]
[EventCountry "DEN"]
[SourceTitle "EXT 1998"]
[Source "ChessBase"]
[SourceDate "1997.11.17"]
[SourceVersion "1"]
[SourceVersionDate "1997.11.17"]
[SourceQuality "1"]

1. c4 e5 2. Nc3 Nc6 3. Nf3 f5 4. d4 e4 5. d5 Nce7 6. Nd4 c5 7. dxc6 dxc6 8. g4
fxg4 9. Bg2 Nf5 10. Nxf5 Qxd1+ 11. Nxd1 Bb4+ 12. Kf1 Bxf5 13. Ne3 O-O-O 14. a3
Bc5 15. Ke1 g6 16. Nxf5 gxf5 17. h3 Nf6 18. Bg5 Bd4 19. hxg4 Bxb2 20. Rb1 Rdg8
21. Bxf6 Bxf6 22. Rh6 Be7 23. Bh3 fxg4 24. Bg2 g3 25. fxg3 e3 26. g4 Kc7 27.
Bf3 Bxa3 28. Kf1 Be7 29. Re6 Bg5 30. Ra1 a6 31. Ra5 h6 32. Rae5 Rd8 33. Re4 a5
34. Kg2 a4 35. c5 a3 36. Rg6 Ra8 37. Rg7+ Kc8 38. Rb4 Ra7 39. Bxc6 a2 40. Bxb7+
Rxb7 41. Rbxb7 a1=Q 42. Rgc7+ Kd8 43. Rd7+ Ke8 44. c6 Qe5 0-1